| 000 | 00439cam a22001457a 4500 | ||
|---|---|---|---|
| 008 | 180718b1993 xxu||||| |||| 00| 0 eng d | ||
| 020 | _a8185304726 | ||
| 082 | _aO91 C361 | ||
| 245 |
_aChanging contours of arid ecology: physical and cultural heritage _cedited by Indra Pal |
||
| 260 |
_aJaipur _bAsian Environmental Council _c1993 |
||
| 300 | _a368p. | ||
| 650 | _aArid Regions Ecology - India | ||
| 650 | _aEcology | ||
| 700 | _aIndra Pal | ||
| 999 |
_c367592 _d367592 |
||